Histoire de la Révolution Française

Bibliographic Details
Main Author: Thiers, M. A. (Author)
Format: Book
Language:Undetermined
PhysicalDescription:391 s.
Published: Paris Furne et Cie, Libraires-diteurs 1839

MARC

LEADER 00000nam a2200000 a 4500
001 vtls001440885
003 SK-MaSNL
005 20260302002102.0
008 240314s1839 xx 0 und
035 |a SNK000396066 
040 |a SNK  |b slo  |c SNK  |e AACR2 
041 0 |a und 
044 |a xx 
100 1 |a Thiers, M. A.  |4 aut  |9 638987 
245 1 0 |a Histoire de la Révolution Française 
260 |a Paris  |b Furne et Cie, Libraires-diteurs  |c 1839 
300 |a 391 s. 
958 |a ONDV 
999 |c 986549  |d 988479 
952 |t P60, <04>, [BOOK], {604}  |a SNK  |b SNK  |y VYP  |7 0  |p 17A0355584  |o snkIC 37307/7  |0 0  |1 0  |4 0  |d 2002-09-13  |l 0  |r 2005-01-02 00:00:00  |w 2026-02-24